Áno účasti v misiách minister zahraničných vecí SR Ján Kubiš

Bibliographic Details
Main Authors: Vitko, Pavol, 1964- (Author, Interviewer), Kubiš, Ján, 1952- (Author)
Format: Article
Language:Slovak
PhysicalDescription:Fotogr.
ISSN:1336-2910
Subjects:

MARC

LEADER 00000nab a2200000 a 4500
001 vtls008931477
003 SK-MaSNL
005 20260426083951.0
008 250505c2006 xo |||||||||||000 b|slo
015 |a SNBRB2006/12  |2 snkbucl 
035 |a urn:nbn:sk:snk-ab7w6p 
035 |a (urnnbn)urn:nbn:sk:snk:ar-004m40 
035 |a (uuid)8ac31127-75fd-40f6-bb2a-e32315cc67f0 
038 |a SNKBUCL 
040 |a SNKBUCL  |b slo  |c SNKBUCL  |e AACR2 
041 0 |a slo 
044 |a xo  |c SK 
080 |a 355.02  |x (437.6)  |2 1997 
080 |a 355.357  |2 1997 
080 |a 355.318.2  |2 1997 
080 |a 354.11  |2 1997 
100 1 |a Vitko, Pavol,  |d 1964-  |4 aut  |4 ivr  |9 219103 
245 1 0 |a Áno účasti v misiách  |b minister zahraničných vecí SR Ján Kubiš  |c pripravil Pavol Vitko 
300 |b Fotogr. 
600 1 7 |a Kubiš, Ján,  |d 1952-  |2 snkbucl  |9 192817 
650 0 7 |a bezpečnostná politika  |2 snkbucl  |9 1647 
650 0 7 |a mierové misie  |2 snkbucl  |9 58516 
651 7 |a Slovensko  |2 snkbucl  |9 14231 
700 1 |a Kubiš, Ján,  |d 1952-  |4 aut  |9 192817 
773 0 |t Obrana  |g Roč. 14, č. 9 (2006), s. 13  |x 1336-2910 
850 |a Slovenská národná knižnica 
852 |a Slovenská národná knižnica 
954 |a odborná, vedecká literatúra pôvodná (slovenská)  |2 lita 
958 |a article9 
958 |a OND 
958 |a SK 
958 |a EUIPO 
999 |c 2917612  |d 2919542